| 000 -LEADER |
| fixed length control field |
00869nam a22001337a 4500 |
| 040 ## - CATALOGING SOURCE |
| Transcribing agency |
RUA |
| 082 ## - DEWEY DECIMAL CLASSIFICATION NUMBER |
| Classification number |
AED ROT 2016 B650 Or.1 |
| 100 ## - MAIN ENTRY--AUTHOR NAME |
| Personal name |
ROTH SREYVANG រ័ត្ម ស្រីវ៉ាង |
| 245 ## - TITLE STATEMENT |
| Title |
the study on business on fruit trees of MRS. srey pich's natural at preak peusy village prek reusy commune takhmao city kandal province ការសិក្សារអំពីអាជីវាកម្មលក់កូឈើហូបផ្លែរបស់សួន ធម្មជាតិ ស្រីពេជ្រ នៅភូមិព្រែកឬស្សី ឃុំ ព្រែកឬស្សីក្រុងតាខ្មៅ ខេត្តកណ្តាល |
| 260 ## - PUBLICATION, DISTRIBUTION, ETC. (IMPRINT) |
| Place of publication |
RUA |
| Name of publisher |
Phnom Penh |
| 300 ## - PHYSICAL DESCRIPTION |
| Number of Pages |
xi;58p |
| Other physical details |
ill; |
| Dimensions |
29cm |
| 856 ## - ELECTRONIC LOCATION AND ACCESS |
| Uniform Resource Identifier |
https://drive.google.com/file/d/1ZObnW4YMjmqndWKy1NjYqUKxkOyy3uWu/view?usp=sharing |
| 942 ## - ADDED ENTRY ELEMENTS (KOHA) |
| Koha item type |
AED |
| 952 ## - LOCATION AND ITEM INFORMATION (KOHA) |
| Withdrawn status [LOCAL, KOHA] |
0 |
| 952 ## - LOCATION AND ITEM INFORMATION (KOHA) |
| Withdrawn status [LOCAL, KOHA] |
0 |
| 952 ## - LOCATION AND ITEM INFORMATION (KOHA) |
| Withdrawn status [LOCAL, KOHA] |
0 |
| 952 ## - LOCATION AND ITEM INFORMATION (KOHA) |
| Withdrawn status [LOCAL, KOHA] |
0 |
| 952 ## - LOCATION AND ITEM INFORMATION (KOHA) |
| Withdrawn status [LOCAL, KOHA] |
0 |
| 952 ## - LOCATION AND ITEM INFORMATION (KOHA) |
| Withdrawn status [LOCAL, KOHA] |
0 |